Đa thức Chebyshev và các dạng toán liên quan

Đề tài "Đa thức chebyshev và các dạng toán liên quan" được nghiên cứu với mục đích trình bày tổng quan các kiến thức về đa thức, hệ thống đầy đủ và chi tiết các kiến thức về đa thức, hệ thống đầy đủ và chi tiết các kiến thức chuyên sâu về đa thức Chebyshev và tìm hiểu các dạng toán liên qu...

ver descrição completa

Na minha lista:
Detalhes bibliográficos
Autor principal: Nguyễn Quang Nghĩa
Outros Autores: Nguyễn Văn Mậu GS.TSKH (Hướng dẫn)
Formato: Livro
Idioma:Vietnamese
Publicado em: Đà Nẵng Đại học Đà Nẵng 2015
Assuntos:
Tags: Adicionar Tag
Sem tags, seja o primeiro a adicionar uma tag!
Thư viện lưu trữ: Mạng thư viện Đại học Đà Nẵng
LEADER 01806nam a2200349 4500
001 000020190
003 16635
005 20150317140336.0
008 150306s2015 viesd
041 |a vie 
082 1 4 |a 515.55  |b NG-N 
100 1 |a Nguyễn Quang Nghĩa 
245 1 |a Đa thức Chebyshev và các dạng toán liên quan  |c Nguyễn Quang Nghĩa ; Nguyễn Văn Mậu hướng dẫn.  |k Luận văn Thạc sĩ 
260 |a Đà Nẵng  |b Đại học Đà Nẵng  |c 2015 
300 |a 75 tr., phụ lục 3 tr.  |c 29 cm.  |e Tóm tắt 
500 |a Luận văn thạc sĩ Khoa học. Chuyên ngành: Phương pháp toán sơ cấp. Mã số: 60.46.40. 
520 3 |a Đề tài "Đa thức chebyshev và các dạng toán liên quan" được nghiên cứu với mục đích trình bày tổng quan các kiến thức về đa thức, hệ thống đầy đủ và chi tiết các kiến thức về đa thức, hệ thống đầy đủ và chi tiết các kiến thức chuyên sâu về đa thức Chebyshev và tìm hiểu các dạng toán liên quan 
650 0 4 |a Đa thức lượng giác  |v Luận văn tốt nghiệp  |x Nghiên cứu 
653 |a Phương pháp toán sơ câp 
653 |a Đa thức lượng giác 
653 |a Đa thức Chebyshev 
700 1 |a Nguyễn Văn Mậu  |c GS.TSKH  |e Hướng dẫn 
OWN |a LSP 
AVA |a UDN50  |b LSP  |d 515.55 NG-N  |e available  |t Error 5001 Not defined in file expand_doc_bib_avail.  |f 1  |g 0  |h N  |i 0  |k 1 
999 |a From the UDN01 
AVA |a UDN50  |b LSP  |d 515.55 NG-N  |e available  |t Error 5001 Not defined in file expand_doc_bib_avail.  |f 1  |g 0  |h N  |i 0  |k 1 
TYP |a Monograph 
TYP |a Printed language 
980 |a Mạng thư viện Đại học Đà Nẵng